000 00442nam a2200193Ia 4500
005 20240823033520.0
008 240823s9999||||xx |||||||||||||| ||und||
020 _a978-81-7720-115-4
041 _aENGLISH
082 _A813.52 P8
100 _aKonangi
245 0 _aSaloon Naarkaaliyil chulantrapadai
250 _a1st
260 _c2008
_bAdaiy
500 _aYES
650 _aTamil Books
_bGeneral
942 _cBK
999 _c196005
_d196005